00570nam a2200169Ia 450000500170000000800410001702000150005808200130007310000200008624500430010626000400014930000140018950000780020394200060028195200980028799900150038520250323150506.0240331s9999 xx 000 0 und d a9558564001 bPUSa894 aPushparatnam, P 0aPandaya ilankaiyil thamilum thamilarum aColombobColombo Tamil Sangamc2001 a120 p ., aKalvettukkalin eluthum molzhium matrum pandaiya tamilarum tamil panpaadum cL 001040708LaWERCLbWERCLcSSCd2024-03-31l0o 894.11 PUSp4293r2024-03-31w2024-03-31yL c4158d4158